The devil in the Old Dominion /

Bibliographic Details
Main Author: Percy, Alfred, 1898-
Format: Book
Language:English
Published: Madison Heights, Va. : Percy Press, 1965
Edition:Rev.
Subjects:

MARC

Tag First Indicator Second Indicator Subfields
LEADER 00000cam a2200000 4500
001 in00000034614
005 20151007061951.0
008 800630c19651952vauac b 00000 eng
010 |a  65009238  
035 |a (OCoLC)06473200 
035 |9 AAD3625AM 
040 |a DLC  |c TXA  |d UtOrBLW 
049 |a TXAM  |c [469443] 
050 0 |a PS3531.E55  |b D4 1965 
092 |a 818  |b P431d, 1965 
100 1 |a Percy, Alfred,  |d 1898- 
245 1 4 |a The devil in the Old Dominion /  |c Illus. by Ann Percy. 
250 |a Rev. 
264 1 |a Madison Heights, Va. :  |b Percy Press,  |c 1965 
264 4 |c [©1952] 
300 |a 59 pages :  |b color illustrations, color portrait ;  |c 18 cm. 
336 |a text  |b txt  |2 rdacontent 
337 |a unmediated  |b n  |2 rdamedia 
338 |a volume  |b nc  |2 rdacarrier 
504 |a Bibliography: pages 57-59. 
650 0 |a Camp meetings. 
999 |a MARS 
999 f f |s 316cf966-6e3a-3919-a07a-eb1d255e04b4  |i ab1b1a2a-e245-3134-b80b-a8054ff2f4cf  |t 0 
952 f f |p ric  |a Texas A&M University  |b Rellis Campus  |c Joint Library Facility  |d Remote Storage  |t 0  |e PS3531.E55 D4 1965  |h Library of Congress classification  |i unmediated -- volume  |m A14801265082 
998 f f |a PS3531.E55 D4 1965  |t 0  |l Remote Storage